000 00615nam a2200169 a 4500
001 000041670
005 20201002035710.0
008 131015s1971 mx 000 0 spa d
040 _aDO-SdBNP
_bspa
_cBNPHU
082 _axxx
_bxxx
100 1 _aSilverman, Robert E.
_948454
240 1 0 _aHow to use programmed instruction in the classroom
245 1 0 _aCómo emplear la enseñanza programada en el aula. /
_cRobert E. Silverman; traducción, Salvador Medrano C.
260 _aMéxico :
_bAgencia para el Desarrollo Internacional,
_c1971.
300 _a48 p. ;
_c21 cm.
700 1 _aMedrano C., Salvador
_etrad.
_948455
999 _c41160
_d41160